000 00418nam a2200157Ia 4500
008 230917s9999||||xx |||||||||||||| ||und||
040 _e202158
_aMAIN
041 _aEnglish
082 _a570 G615B(4)
100 _aGoodenough, Judith
245 0 _aBiology of humans: Concepts, applications and issues
250 _a4th ed.
260 _aNew York
_bBenjamin Cummings
_c2012
300 _axxiv, 523 p.
942 _cBK
999 _c166218
_d166218